Normal view
MARC view
- Rosenberg, Liz.
Entry Personal Name
001 - CONTROL NUMBER
- control field: 7752
003 - CONTROL NUMBER IDENTIFIER
- control field: NUST
005 - DATE AND TIME OF LATEST TRANSACTION
- control field: 20171228103127.0
008 - FIXED-LENGTH DATA ELEMENTS
- fixed length control field: 171228|| aca||aabn | a|a d
040 ## - CATALOGING SOURCE
- Original cataloging agency: NUST
- Transcribing agency: NUST
100 ## - HEADING--PERSONAL NAME
- Personal name: Rosenberg, Liz.
670 ## - SOURCE DATA FOUND
- Source citation: Work cat.: (NUST)0: Rosenberg, Liz., The laws of gravity /
